000 01494nam0a2200373 4500
001 RU\NLR\bibl\1032452
005 20260407095257.0
010 _a5-9614-0315-7
_93000
021 _aRU
_b2006-77303
_93916
035 _a(nilc)RSL-KNO-002983850
035 _a(NLR Aleph) 001019907
090 _a691803
_c691803
100 _a20061127d2006 |||y0rusy50 ca
101 0 _arus
102 _aRU
105 _ay z |||||
200 1 _aНастольная книга юриста
_fThe Moscow Times
_g[автор идеи, ред. Е. Верховская]
210 _aМосква
_cАльпина Бизнес Букс
_d2006
215 _a180 с.
_d22
333 _a18+
606 1 _aАкционерные общества
_xПравовое регулирование
_yРоссийская Федерация
_92436520
_3RU\NLR\auth\661449834
610 0 _aГосударство и право. Юридические науки -- Российская Федерация -- Пособие для специалистов
686 _aХ62,07
_2rubbk
686 _aХ623.012
702 1 _aВерховская
_bЕ.
_4570
711 0 2 _7ca
_7ba
_8eng
_8rus
_a"The Moscow times", газета
_9606804
_3RU\NLR\AUTH\8810053195
801 0 _aRU
_bРКП
_c20061127
801 1 _aRU
_bРГБ
_c20061127
801 2 _aRU
_bNLR
_c20070119
_grcr
942 _cBOOK
980 _aNB
980 _aIA
996 _aиноагент
_bo
_cИнтернет-издание «The Moscow Times»